| 000 | 00344nam a22001337a 4500 | ||
|---|---|---|---|
| 020 | _a0 85292 2590 | ||
| 082 | _a659.31 RAY | ||
| 100 | _aRay, Maurice | ||
| 245 | _a Recruitment Advertising: A Means of Communication | ||
| 260 |
_aLONDON _bBRITAIN _c1980 |
||
| 300 |
_axii,228p _bill,20CM |
||
| 500 | _aincludes Glossary of terms | ||
| 942 | _cBK | ||
| 999 |
_c19121 _d19121 |
||